00985njm a2200217 i 45000010005000000030009000050050017000140070015000310080041000461000035000872450089001222600041002113000053002525000035003055180230003406100070005706500021006407100022006617100054006838520030007374942ES-MaACL20250902085357.0s|r|||||||||||041213s1983 sp ||| g ||||||||1|nspa d1 aCaro Baroja, Julio,d1914-199514aLos vascos en la Edad Media h[Grabación sonora] / cinterviene Julio Caro Baroja. aMadrid : bAteneo de Madrid, c1983. a1 disco (CD-DA) (1 h. 7 min. 11 seg.) ; c12 cm. aDatos basados en invitación. aActo organizado por el Ateneo de Madrid en colaboración con la Real Sociedad Bascongada de los Amigos del País y el Hogar Vasco - Euskal Etxea, grabado en el salón de actos el lunes 28 de febrero de 1983, a las 20:00 h.24aAteneo de Madrid-xActos culturales-y1983-vGrabaciones sonoras.14aVascos-zMadrid.2 aAteneo de Madrid.2 aReal Sociedad Bascongada de los Amigos del País aES-MaACLjROT 5/2/39cROT